000
00217 a2200097 4500
001
1107
100
_a
Higonnet,R.A
245
_a
Logical design of electrical circuits
260
_a
_b
Mcgrawhill
_c
090
_c
671
_d
671
942
_a
NUST-CAE
_c
33278
_c
M
999
_c
236180
_d
236180